000 00658nam a2200217Ia 4500
008 101110s9999 xx 000 0 und d
041 _aENGLISH
082 _bSR27735
100 _aNathanson Fred E., Reilly J.P.
245 _aRadar design principles (signal processing and the environemnt)
260 _c2004
_bPrentice Hall of India, New Delhi
300 _a720
365 _b350
520 _aPhysics
546 _aENGLISH
630 _aRadar design principles (signal processing and the environemnt)
650 _aPhysics
655 _aPhysics
730 _aRadar design principles (signal processing and the environemnt)
942 _cBOOK
999 _c820286
_d820283